000 00650nam a2200253Ia 4500
003 OSt
005 20220918214510.0
006 a|||||r|||| 00| 0
007 ta
008 220917b |||||||| |||| 00| 0 eng d
024 _a137,695
037 _cTextual
040 _aARTS
_cARTS
_beng
041 _2eng
_aeng
082 _aY:351(N).245, L5
100 _aHanda O C
_974113
245 0 _aPahari folk art
260 _aBombay
_bTarapore-Vala
_c1975
300 _axvii, 84p.
_ccm.
500 _aBibliography p73-76
650 _aSOCIOLOGY
942 _hY:351(N).245, L5
_cTEXL
_2CC
999 _c260774
_d260774